[Event "22. Torneo San Viator"]
[Site "Madrid ESP"]
[Date "2014.04.13"]
[Round "4.36"]
[White "Moreno Sanchez, Guillermo"]
[Black "Aranda Perez, Ivan"]
[Result "1-0"]
[WhiteElo "1620"]
[BlackElo "1440"]
[PlyCount "55"]
[EventDate "2014.03.23"]
[EventType "swiss"]
[EventRounds "9"]
[EventCountry "ESP"]
[SourceTitle "Ajedrez en Madrid"]
[Source "lmi"]
[SourceDate "2014.03.23"]
[SourceVersion "1"]
[SourceVersionDate "2014.07.21"]
[SourceQuality "1"]

1. d4 Nf6 2. c4 g6 3. Nc3 d5 4. e3 Bg7 5. Nf3 Bg4 6. h3 Bxf3 7. Qxf3 c6 8. Bd3
O-O 9. O-O Re8 10. Bd2 e5 11. dxe5 Rxe5 12. Rad1 Nbd7 13. cxd5 Nc5 14. Bc2 Nxd5
15. Bc1 f5 16. Nxd5 Rxd5 17. b4 Rxd1 18. Rxd1 Qe7 19. bxc5 Qxc5 20. Qe2 Qe7 21.
Qd3 Qc7 22. Bb3+ Kh8 23. Ba3 Bf6 24. Qd6 Qd8 25. Qxd8+ Rxd8 26. Rxd8+ Bxd8 27.
Bb2+ Bf6 28. Bxf6# 1-0

[Event "22. Torneo San Viator"]
[Site "Madrid ESP"]
[Date "2014.04.13"]
[Round "4.40"]
[White "Caballero Gallego, Luis"]
[Black "Porris Rebollar, Ivan"]
[Result "1-0"]
[WhiteElo "1880"]
[BlackElo "1529"]
[PlyCount "89"]
[EventDate "2014.03.23"]
[EventType "swiss"]
[EventRounds "9"]
[EventCountry "ESP"]
[SourceTitle "Ajedrez en Madrid"]
[Source "lmi"]
[SourceDate "2014.03.23"]
[SourceVersion "1"]
[SourceVersionDate "2014.07.21"]
[SourceQuality "1"]

1. d4 d5 2. c4 e6 3. Nc3 Nf6 4. Bg5 Be7 5. Nf3 O-O 6. e3 b6 7. Bd3 c5 8. O-O
Ba6 9. Ne5 dxc4 10. Nxc4 cxd4 11. exd4 Nc6 12. Ne5 Nxe5 13. Bxa6 Ng6 14. Qa4 h6
15. Be3 Ng4 16. g3 Nxe3 17. fxe3 Bg5 18. Rf3 Qe7 19. Ne4 e5 20. d5 Rab8 21. d6
Qd8 22. Raf1 f5 23. Qb3+ Kh7 24. Rxf5 Rxf5 25. Rxf5 b5 26. Nxg5+ hxg5 27. Qd3
Rb6 28. d7 e4 29. Qc2 Qxd7 30. Bc8 Qe7 31. Qc5 Qd8 32. Rd5 Qf6 33. Rxg5 Rc6 34.
Rh5+ Kg8 35. Qd5+ Kf8 36. Rf5 Ne7 37. Rxf6+ gxf6 38. Qd8+ Kf7 39. Bb7 Rc1+ 40.
Kg2 Rc2+ 41. Kh3 Rxb2 42. Bd5+ Nxd5 43. Qxd5+ Kg6 44. Qxe4+ Kf7 45. Qb7+ 1-0

[Event "22. Torneo San Viator"]
[Site "Madrid ESP"]
[Date "2014.04.13"]
[Round "4.41"]
[White "Insua Rodriguez, Antonio"]
[Black "Munoz Cebey, Ricardo"]
[Result "1/2-1/2"]
[WhiteElo "1497"]
[BlackElo "1878"]
[PlyCount "43"]
[EventDate "2014.03.23"]
[EventType "swiss"]
[EventRounds "9"]
[EventCountry "ESP"]
[SourceTitle "Ajedrez en Madrid"]
[Source "lmi"]
[SourceDate "2014.03.23"]
[SourceVersion "1"]
[SourceVersionDate "2014.07.21"]
[SourceQuality "1"]

1. Nc3 d5 2. e4 c6 3. exd5 cxd5 4. d4 Nc6 5. Bb5 a6 6. Bxc6+ bxc6 7. Bf4 Nf6 8.
h3 Bf5 9. Nf3 e6 10. Ne5 Qc8 11. Ne2 h6 12. c3 Nd7 13. Ng3 Bh7 14. O-O Be7 15.
Qg4 g5 16. Be3 Nxe5 17. dxe5 Qc7 18. Qd1 O-O-O 19. Ne2 c5 20. Qa4 Bd3 21. Rfe1
Bxe2 22. Rxe2 1/2-1/2

[Event "22. Torneo San Viator"]
[Site "Madrid ESP"]
[Date "2014.04.13"]
[Round "4.44"]
[White "Castillo Sanz, Javier"]
[Black "Blanco Diez, David"]
[Result "0-1"]
[WhiteElo "1815"]
[BlackElo "1455"]
[PlyCount "104"]
[EventDate "2014.03.23"]
[EventType "swiss"]
[EventRounds "9"]
[EventCountry "ESP"]
[SourceTitle "Ajedrez en Madrid"]
[Source "lmi"]
[SourceDate "2014.03.23"]
[SourceVersion "1"]
[SourceVersionDate "2014.07.21"]
[SourceQuality "1"]

1. c4 e6 2. g3 d5 3. cxd5 exd5 4. Bg2 Nf6 5. Nf3 Be7 6. O-O O-O 7. d4 c6 8. Nc3
Bf5 9. a3 a5 10. Re1 Nbd7 11. Bf4 h6 12. Nd2 Qb6 13. e4 dxe4 14. Ndxe4 Rad8 15.
Qa4 Nxe4 16. Nxe4 Nf6 17. Bd2 Rxd4 18. Nxf6+ Bxf6 19. Qxa5 Qxa5 20. Bxa5 Rd3
21. Bc3 Bxc3 22. bxc3 Rxc3 23. Re7 Rb3 24. a4 Be6 25. a5 Rb8 26. a6 bxa6 27.
Bxc6 Rb1+ 28. Rxb1 Rxb1+ 29. Kg2 Rd1 30. Bf3 Bd5 31. Ra7 Bxf3+ 32. Kxf3 Ra1 33.
h4 h5 34. Kf4 g6 35. f3 a5 36. Kg5 Kg7 37. g4 hxg4 38. fxg4 a4 39. h5 gxh5 40.
gxh5 a3 41. h6+ Kg8 42. h7+ Kxh7 43. Rxf7+ Kg8 44. Rf2 a2 45. Kf4 Kf7 46. Ke4+
Ke6 47. Re2 Kd6 48. Rd2+ Kc5 49. Kd3 Kb4 50. Rb2+ Ka3 51. Kc2 Rf1 52. Rb8 a1=Q
0-1

[Event "22. Torneo San Viator"]
[Site "Madrid ESP"]
[Date "2014.04.13"]
[Round "4.45"]
[White "Alonso Penalver, Angel"]
[Black "Hidalgo Prado, David"]
[Result "0-1"]
[WhiteElo "1748"]
[BlackElo "1448"]
[PlyCount "134"]
[EventDate "2014.03.23"]
[EventType "swiss"]
[EventRounds "9"]
[EventCountry "ESP"]
[SourceTitle "Ajedrez en Madrid"]
[Source "lmi"]
[SourceDate "2014.03.23"]
[SourceVersion "1"]
[SourceVersionDate "2014.07.21"]
[SourceQuality "1"]

1. Nf3 e6 2. g3 d5 3. c4 c6 4. e3 Nf6 5. cxd5 exd5 6. Bg2 Bd6 7. b3 O-O 8. O-O
Bg4 9. h3 Bf5 10. d4 Ne4 11. Bb2 Qc8 12. Kh2 Na6 13. Nc3 Nc7 14. Rc1 f6 15. a3
Qd7 16. Nh4 Nxc3 17. Rxc3 Be4 18. f3 Bf5 19. Nxf5 Qxf5 20. e4 Qe6 21. Re3 Qf7
22. f4 dxe4 23. Rxe4 Rfe8 24. Qc2 Nd5 25. Rfe1 Rxe4 26. Qxe4 Qe7 27. Qb1 Qf7
28. Qf5 Rd8 29. h4 g6 30. Qg4 Kg7 31. f5 Re8 32. Rxe8 Qxe8 33. fxg6 hxg6 34. h5
Ne3 35. h6+ Kxh6 36. Qh4+ Kg7 37. d5 Nxd5 38. Be4 Qe6 39. Bd3 Ne7 40. Bc1 Nf5
41. Bxf5 Qxf5 42. Qh6+ Kf7 43. Qh7+ Ke8 44. Qh8+ Bf8 45. Bf4 Qh5+ 46. Qxh5 gxh5
47. a4 Kf7 48. Kg2 Bb4 49. Kf3 Ke6 50. Ke4 b5 51. axb5 cxb5 52. Bh6 a5 53. Kd3
Bd6 54. Bd2 Bxg3 55. Bxa5 h4 56. Ke3 f5 57. Kf3 f4 58. Bc7 Kf5 59. Bb6 h3 60.
Bc7 h2 61. Kg2 Kg4 62. Bb6 f3+ 63. Kh1 Kf5 64. b4 Ke4 65. Bc7 f2 66. Bxg3 f1=Q+
67. Kxh2 Kf3 0-1

[Event "22. Torneo San Viator"]
[Site "Madrid ESP"]
[Date "2014.04.13"]
[Round "4.47"]
[White "Torrecillas Adan, Luis"]
[Black "Sierra Bermejo, Gregorio"]
[Result "0-1"]
[WhiteElo "1266"]
[BlackElo "1661"]
[PlyCount "112"]
[EventDate "2014.03.23"]
[EventType "swiss"]
[EventRounds "9"]
[EventCountry "ESP"]
[SourceTitle "Ajedrez en Madrid"]
[Source "lmi"]
[SourceDate "2014.03.23"]
[SourceVersion "1"]
[SourceVersionDate "2014.07.21"]
[SourceQuality "1"]

1. e4 c5 2. c4 g6 3. Nf3 Bg7 4. Be2 d6 5. O-O Nc6 6. h3 Nf6 7. d3 O-O 8. Nc3 a6
9. Rb1 e6 10. Bd2 Bd7 11. Qc1 Re8 12. Bh6 Bh8 13. Re1 Qa5 14. a3 b5 15. Rd1 Qb6
16. g4 b4 17. axb4 cxb4 18. Na4 Qa5 19. b3 Nb8 20. Rd2 Bxa4 21. Ra2 Nc6 22.
Rxa4 Qb6 23. h4 Nxg4 24. Be3 Nxe3 25. fxe3 a5 26. Kf2 Qc5 27. Qg1 Qh5 28. Qg3
Be5 29. Nxe5 Qxe5 30. Qxe5 Nxe5 31. Rg1 h6 32. d4 Nd7 33. Bf3 Nb6 34. Raa1 e5
35. h5 g5 36. dxe5 Rxe5 37. Rgd1 Re6 38. e5 d5 39. Bxd5 Nxd5 40. Rxd5 Rea6 41.
Rd6 Kf8 42. Rxa6 Rxa6 43. Kf3 f5 44. Rd1 Ke7 45. c5 a4 46. bxa4 Rxa4 47. c6 b3
48. Rd7+ Ke6 49. Rb7 Rc4 50. Rxb3 Rxc6 51. Rb7 Kxe5 52. Rb5+ Kf6 53. Rb4 Re6
54. Rb7 g4+ 55. Kg3 Rxe3+ 56. Kf4 Rf3# 0-1

[Event "22. Torneo San Viator"]
[Site "Madrid ESP"]
[Date "2014.04.13"]
[Round "4.49"]
[White "Gonzalez Reyes, Felix"]
[Black "Jimenez Perez, Federico"]
[Result "1-0"]
[WhiteElo "1561"]
[BlackElo "1301"]
[PlyCount "143"]
[EventDate "2014.03.23"]
[EventType "swiss"]
[EventRounds "9"]
[EventCountry "ESP"]
[SourceTitle "Ajedrez en Madrid"]
[Source "lmi"]
[SourceDate "2014.03.23"]
[SourceVersion "1"]
[SourceVersionDate "2014.07.21"]
[SourceQuality "1"]

1. c4 d6 2. Nc3 Nf6 3. Nf3 Nbd7 4. d4 c6 5. e3 e5 6. dxe5 dxe5 7. Be2 Be7 8.
O-O O-O 9. Qc2 Qc7 10. b3 Nc5 11. e4 Nh5 12. Be3 Nf4 13. Rfd1 f5 14. Bxf4 exf4
15. e5 Ne4 16. Nxe4 fxe4 17. Qxe4 Bf5 18. Qd4 b6 19. Qc3 c5 20. Bd3 Bxd3 21.
Rxd3 Rad8 22. Rad1 Rxd3 23. Rxd3 Rd8 24. Rd5 b5 25. Qd2 g5 26. Rxd8+ Qxd8 27.
Qxd8+ Bxd8 28. cxb5 Kf7 29. g4 fxg3 30. fxg3 h6 31. g4 Ke6 32. a4 Kd5 33. Kf2
Bb6 34. Ke2 c4 35. bxc4+ Kxc4 36. h4 gxh4 37. Nxh4 Kb4 38. Nf5 Kxa4 39. e6 Bc5
40. e7 Bxe7 41. Nxe7 Kxb5 42. Kd2 a5 43. Nf5 Kc5 44. Nxh6 Kd5 45. Nf5 Ke5 46.
Ne3 Kf4 47. Kc3 a4 48. Kb4 a3 49. Kxa3 Kg5 50. Kb3 Kf4 51. Kc4 Kg5 52. Kd5 Kf6
53. Ke4 Kg5 54. Ke5 Kg6 55. Ke6 Kg5 56. Kf7 Kh6 57. Kf6 Kh7 58. g5 Kh8 59. Kf7
Kh7 60. g6+ Kh6 61. g7 Kg5 62. g8=Q+ Kf4 63. Ke6 Kxe3 64. Qg4 Kd3 65. Kd5 Kc3
66. Qc4+ Kd2 67. Ke4 Ke1 68. Ke3 Kd1 69. Qe2+ Kc1 70. Kd3 Kb1 71. Kc3 Ka1 72.
Qb2# 1-0

[Event "22. Torneo San Viator"]
[Site "Madrid ESP"]
[Date "2014.04.13"]
[Round "4.51"]
[White "Petru, Lucian Olimpiu"]
[Black "Vicioso Barbadillo, Juan J"]
[Result "1-0"]
[WhiteElo "1805"]
[BlackElo "1399"]
[PlyCount "39"]
[EventDate "2014.03.23"]
[EventType "swiss"]
[EventRounds "9"]
[EventCountry "ESP"]
[SourceTitle "Ajedrez en Madrid"]
[Source "lmi"]
[SourceDate "2014.03.23"]
[SourceVersion "1"]
[SourceVersionDate "2014.07.21"]
[SourceQuality "1"]

1. Nf3 Nc6 2. d4 d5 3. Bf4 Nf6 4. Nc3 e6 5. Nb5 Bd6 6. Nxd6+ cxd6 7. c3 O-O 8.
e3 Nh5 9. Bg5 f6 10. Bh4 a6 11. g4 g5 12. gxh5 gxh4 13. Nxh4 Qe8 14. Qg4+ Kh8
15. Bd3 Rg8 16. Qf3 Ne7 17. Qxf6+ Rg7 18. h6 Nf5 19. Nxf5 exf5 20. Qxg7# 1-0

[Event "22. Torneo San Viator"]
[Site "Madrid ESP"]
[Date "2014.04.13"]
[Round "4.52"]
[White "Ortega Palacios, Alejandro"]
[Black "Garcia Carcedo, Jesus"]
[Result "1-0"]
[WhiteElo "1467"]
[BlackElo "1778"]
[PlyCount "63"]
[EventDate "2014.03.23"]
[EventType "swiss"]
[EventRounds "9"]
[EventCountry "ESP"]
[SourceTitle "Ajedrez en Madrid"]
[Source "lmi"]
[SourceDate "2014.03.23"]
[SourceVersion "1"]
[SourceVersionDate "2014.07.21"]
[SourceQuality "1"]

1. e4 e6 2. d4 d5 3. exd5 exd5 4. Bd3 Nc6 5. c3 Nf6 6. Bg5 h6 7. Bh4 Bd6 8. Nf3
Bg4 9. Nbd2 g5 10. Bg3 Qe7+ 11. Qe2 O-O-O 12. Bxd6 Qxd6 13. O-O-O Rhe8 14. Qf1
Ne4 15. Re1 f5 16. h3 Bh5 17. Bc2 Kb8 18. Nxe4 fxe4 19. Nd2 Rf8 20. Bd1 Bxd1
21. Kxd1 Qf4 22. f3 e3 23. Nb3 Rde8 24. Nc5 Qd6 25. Qd3 b6 26. Nb3 Qe7 27. Re2
Rf6 28. Rhe1 Re6 29. Qb5 Rd6 30. Nc5 Ka8 31. Na6 Nb8 32. Rxe3 1-0

[Event "22. Torneo San Viator"]
[Site "Madrid ESP"]
[Date "2014.04.27"]
[Round "5.1"]
[White "Elissalt Cardenas, Hector"]
[Black "Aziz Ortego, Omar Luis"]
[Result "1/2-1/2"]
[WhiteElo "2369"]
[BlackElo "2107"]
[PlyCount "75"]
[EventDate "2014.03.23"]
[EventType "swiss"]
[EventRounds "9"]
[EventCountry "ESP"]
[SourceTitle "Ajedrez en Madrid"]
[Source "lmi"]
[SourceDate "2014.03.23"]
[SourceVersion "1"]
[SourceVersionDate "2014.07.21"]
[SourceQuality "1"]

1. Nf3 d5 2. c4 c6 3. e3 Nf6 4. b3 Bg4 5. Bb2 Nbd7 6. h3 Bh5 7. Be2 e6 8. a3
dxc4 9. bxc4 Qb6 10. Ra2 Be7 11. d3 O-O 12. Nbd2 Rad8 13. g4 Bg6 14. Nh4 Nc5
15. Nxg6 hxg6 16. g5 Nh7 17. d4 Nxg5 18. dxc5 Bxc5 19. Qc2 f5 20. Qc3 Rf7 21.
h4 Rxd2 22. hxg5 Rfd7 23. Qe5 R2d6 24. Qh2 Kf7 25. Qh8 e5 26. Rh7 Rd1+ 27. Bxd1
Qa5+ 28. Kf1 Rxd1+ 29. Kg2 Bf8 30. Ra1 Rd2 31. Rb1 Rxf2+ 32. Kxf2 Qd2+ 33. Kf1
Qd3+ 34. Kf2 Qd2+ 35. Kf1 Qd3+ 36. Kf2 Qd2+ 37. Kf1 Qd3+ 38. Kf2 1/2-1/2

[Event "22. Torneo San Viator"]
[Site "Madrid ESP"]
[Date "2014.04.27"]
[Round "5.2"]
[White "Renteria, Jorge"]
[Black "Rodriguez Bittar, Karim Javier"]
[Result "1-0"]
[WhiteElo "2299"]
[BlackElo "1787"]
[PlyCount "59"]
[EventDate "2014.03.23"]
[EventType "swiss"]
[EventRounds "9"]
[EventCountry "ESP"]
[SourceTitle "Ajedrez en Madrid"]
[Source "lmi"]
[SourceDate "2014.03.23"]
[SourceVersion "1"]
[SourceVersionDate "2014.07.21"]
[SourceQuality "1"]

1. e4 e5 2. Nf3 Nc6 3. d4 exd4 4. Nxd4 Nf6 5. Nxc6 bxc6 6. e5 Qe7 7. Qe2 Nd5 8.
c4 Ba6 9. Qe4 Nb6 10. Nc3 g6 11. c5 Bxf1 12. cxb6 Ba6 13. bxc7 Bg7 14. Bf4 O-O
15. O-O-O Rfe8 16. Rhe1 Bc8 17. Qe3 Qb4 18. Ne4 Qa5 19. Kb1 Qb6 20. Qd2 a5 21.
Nf6+ Bxf6 22. exf6 Re6 23. Rxe6 fxe6 24. Bd6 Qb5 25. g4 Qa4 26. f3 Kf7 27. b3
Qb5 28. Qh6 Kxf6 29. Qf8+ Kg5 30. Be7# 1-0

[Event "22. Torneo San Viator"]
[Site "Madrid ESP"]
[Date "2014.04.27"]
[Round "5.3"]
[White "Algaba Traspuesto, Jose Antoni"]
[Black "Garcia-Ruiz Fuentes, Angel M"]
[Result "0-1"]
[WhiteElo "1747"]
[BlackElo "2025"]
[PlyCount "133"]
[EventDate "2014.03.23"]
[EventType "swiss"]
[EventRounds "9"]
[EventCountry "ESP"]
[SourceTitle "Ajedrez en Madrid"]
[Source "lmi"]
[SourceDate "2014.03.23"]
[SourceVersion "1"]
[SourceVersionDate "2014.07.21"]
[SourceQuality "1"]

1. e4 c5 2. c3 d5 3. exd5 Qxd5 4. d4 g6 5. Nf3 Bg7 6. Na3 cxd4 7. Bc4 Qe4+ 8.
Be3 Nh6 9. cxd4 O-O 10. Qd3 Qxd3 11. Bxd3 Nf5 12. O-O Nc6 13. Nb5 a6 14. Bxf5
Bxf5 15. Nc3 Rfd8 16. d5 Nb4 17. Bc5 Nxd5 18. Nxd5 Rxd5 19. Bxe7 Bxb2 20. Rad1
Rxd1 21. Rxd1 Re8 22. Bc5 Rc8 23. Bd4 Bxd4 24. Nxd4 Rd8 25. Rd2 b5 26. Kf1 Be4
27. f3 Bb7 28. Ke1 f6 29. Ke2 Kf7 30. Kd3 Bd5 31. Kc3 Bc4 32. a3 Re8 33. Nc2
Re7 34. Kb4 g5 35. Ka5 Re6 36. Nb4 Kg6 37. Nxa6 Re3 38. Kb4 Rb3+ 39. Kc5 Rxa3
40. Nc7 Rb3 41. Rf2 Bd3 42. Ne6 Rc3+ 43. Kb4 Rc6 44. Nf8+ Kf7 45. Nd7 Rc4+ 46.
Kb3 Bf5 47. Nb6 Rc6 48. Na8 Kg6 49. g4 Bc8 50. Kb4 Bb7 51. Ra2 Bxa8 52. Rxa8
Rc2 53. Kxb5 Rxh2 54. Rg8+ Kf7 55. Rc8 Rb2+ 56. Ka4 Rb7 57. Rh8 Ke6 58. Re8+
Kd5 59. Ka3 f5 60. gxf5 Rf7 61. Kb3 Rxf5 62. Re3 Kd4 63. Re4+ Kd3 64. Re7 h5
65. Rh7 h4 66. Rh5 Ke3 67. f4 0-1

[Event "22. Torneo San Viator"]
[Site "Madrid ESP"]
[Date "2014.04.27"]
[Round "5.4"]
[White "Bermejo Arruego, Luis"]
[Black "Morera Rodriguez, Ignacio"]
[Result "1-0"]
[WhiteElo "2175"]
[BlackElo "1843"]
[PlyCount "67"]
[EventDate "2014.03.23"]
[EventType "swiss"]
[EventRounds "9"]
[EventCountry "ESP"]
[SourceTitle "Ajedrez en Madrid"]
[Source "lmi"]
[SourceDate "2014.03.23"]
[SourceVersion "1"]
[SourceVersionDate "2014.07.21"]
[SourceQuality "1"]

1. e4 c5 2. Nf3 d6 3. Bb5+ Bd7 4. Bxd7+ Qxd7 5. O-O Nc6 6. c3 g6 7. d4 cxd4 8.
cxd4 Bg7 9. Nc3 Nf6 10. d5 Ne5 11. Nxe5 dxe5 12. Qb3 O-O 13. f3 Ne8 14. a4 Nd6
15. Nb5 Rfc8 16. Be3 Nc4 17. Nxa7 Rxa7 18. Bxa7 Nd2 19. Qb5 Qxb5 20. axb5 Nxf1
21. Kxf1 Bh6 22. h4 Bf4 23. Bf2 Rc2 24. g3 Bh6 25. b4 Rb2 26. Bc5 Bf8 27. b6
Rb3 28. Ra8 Kg7 29. Rb8 Rxf3+ 30. Kg2 Ra3 31. Rxb7 Ra8 32. Rc7 Rb8 33. b7 h5
34. Ba7 1-0

[Event "22. Torneo San Viator"]
[Site "Madrid ESP"]
[Date "2014.04.27"]
[Round "5.6"]
[White "Bustos Bernardo, Samuel"]
[Black "Gutierrez Lopez, Carlos"]
[Result "0-1"]
[WhiteElo "1777"]
[BlackElo "2115"]
[PlyCount "76"]
[EventDate "2014.03.23"]
[EventType "swiss"]
[EventRounds "9"]
[EventCountry "ESP"]
[SourceTitle "Ajedrez en Madrid"]
[Source "lmi"]
[SourceDate "2014.03.23"]
[SourceVersion "1"]
[SourceVersionDate "2014.07.21"]
[SourceQuality "1"]

1. Nf3 c5 2. c4 Nf6 3. Nc3 e6 4. e3 d5 5. d4 Nc6 6. a3 a6 7. dxc5 Bxc5 8. b4
Bd6 9. Bb2 O-O 10. Qc2 Qe7 11. Rd1 Rd8 12. cxd5 exd5 13. Be2 Bg4 14. O-O Rac8
15. Qb3 Be6 16. Nd4 Ne5 17. b5 Nc4 18. Bxc4 dxc4 19. Qa2 Bg4 20. Rde1 Qe5 21.
f4 Qh5 22. bxa6 bxa6 23. h3 Bd7 24. e4 Bc5 25. Nd5 Nxd5 26. exd5 Qxd5 27. Rd1
Bf5 28. Kh1 Bd3 29. Nf3 Qf5 30. Rfe1 Be4 31. Ng5 Rxd1 32. Rxd1 Bxg2+ 33. Kxg2
Qc2+ 34. Kg3 Qxd1 35. Ba1 Qb3+ 36. Qxb3 cxb3 37. Bb2 Be7 38. Ne4 Rc2 0-1

[Event "22. Torneo San Viator"]
[Site "Madrid ESP"]
[Date "2014.04.27"]
[Round "5.7"]
[White "Bolea Jover, Jose"]
[Black "Sirera Ripoll, Jose"]
[Result "1-0"]
[WhiteElo "2035"]
[BlackElo "1750"]
[PlyCount "91"]
[EventDate "2014.03.23"]
[EventType "swiss"]
[EventRounds "9"]
[EventCountry "ESP"]
[SourceTitle "Ajedrez en Madrid"]
[Source "lmi"]
[SourceDate "2014.03.23"]
[SourceVersion "1"]
[SourceVersionDate "2014.07.21"]
[SourceQuality "1"]

1. e4 c5 2. c3 d6 3. d4 Nf6 4. Bd3 g6 5. Nf3 Bg7 6. O-O O-O 7. h3 cxd4 8. cxd4
Nc6 9. Nc3 e5 10. d5 Nd4 11. Nxd4 exd4 12. Ne2 Bd7 13. Qb3 Qb6 14. Qxb6 axb6
15. b3 Ra5 16. Bb2 Bb5 17. Bxb5 Rxb5 18. Nxd4 Ra5 19. f3 Nd7 20. Rfd1 Rfa8 21.
a4 Nc5 22. Rab1 Bxd4+ 23. Bxd4 R5a6 24. Rdc1 Rd8 25. Bf6 Re8 26. Rc3 b5 27.
axb5 Ra5 28. b4 Rxb5 29. Rxc5 dxc5 30. d6 Rxb4 31. Rxb4 cxb4 32. d7 Ra8 33.
d8=Q+ Rxd8 34. Bxd8 Kg7 35. Ba5 b3 36. Bc3+ Kf8 37. Kf2 Ke7 38. Ke3 Kd6 39. Kd4
h5 40. Kc4 Ke6 41. Kxb3 f5 42. Kc4 fxe4 43. fxe4 g5 44. g4 hxg4 45. hxg4 Kd6
46. Bf6 1-0

[Event "22. Torneo San Viator"]
[Site "Madrid ESP"]
[Date "2014.04.27"]
[Round "5.8"]
[White "Garcia-Osorio Prado, Miguel A"]
[Black "Rosa Ramirez, Victor D"]
[Result "0-1"]
[WhiteElo "1742"]
[BlackElo "1989"]
[PlyCount "132"]
[EventDate "2014.03.23"]
[EventType "swiss"]
[EventRounds "9"]
[EventCountry "ESP"]
[SourceTitle "Ajedrez en Madrid"]
[Source "lmi"]
[SourceDate "2014.03.23"]
[SourceVersion "1"]
[SourceVersionDate "2014.07.21"]
[SourceQuality "1"]

1. d4 Nf6 2. c4 e6 3. Nf3 d5 4. e3 c6 5. Bd3 Nbd7 6. Nc3 a6 7. b3 Bb4 8. Bd2
O-O 9. O-O Bd6 10. Re1 dxc4 11. bxc4 e5 12. Qc2 Re8 13. Rad1 Qe7 14. e4 exd4
15. Nxd4 Bxh2+ 16. Kxh2 Qe5+ 17. f4 Qxd4 18. Kg3 Ng4 19. Bc1 Nc5 20. e5 Nxd3
21. Rxd3 Qxc4 22. Rf3 g6 23. Re4 Qc5 24. Qe2 Qg1 25. Rf1 Qh2+ 26. Kf3 h5 27.
Qe1 h4 28. Rh1 Qg3+ 29. Qxg3 hxg3 30. Kxg3 Bf5 31. Rd4 Rad8 32. Rhd1 Rxd4 33.
Rxd4 Be6 34. Ne4 Kg7 35. Nc5 Nh6 36. Nxe6+ Rxe6 37. Rd7 Nf5+ 38. Kf3 Re7 39.
Rd8 Rc7 40. g4 Ne7 41. Bb2 Nd5 42. Ke4 Re7 43. g5 Re6 44. a4 a5 45. Bd4 b6 46.
Rb8 c5 47. Kxd5 cxd4 48. Kxd4 Rc6 49. Rd8 Rc1 50. Rd6 Rb1 51. Rc6 Rb4+ 52. Rc4
Rb1 53. Kd5 b5 54. axb5 Rxb5+ 55. Kd4 Rb7 56. Ra4 Ra7 57. Ke4 Kf8 58. f5 Ke7
59. fxg6 fxg6 60. Kd5 Ra6 61. Kc5 Kd7 62. Rd4+ Ke6 63. Re4 a4 64. Kd4 a3 65.
Re1 a2 66. Ra1 Ra4+ 0-1

[Event "22. Torneo San Viator"]
[Site "Madrid ESP"]
[Date "2014.04.27"]
[Round "5.9"]
[White "Sotoca Aguado, Jose"]
[Black "Moreno Zamora, Gregorio"]
[Result "1/2-1/2"]
[WhiteElo "1964"]
[BlackElo "1702"]
[PlyCount "68"]
[EventDate "2014.03.23"]
[EventType "swiss"]
[EventRounds "9"]
[EventCountry "ESP"]
[SourceTitle "Ajedrez en Madrid"]
[Source "lmi"]
[SourceDate "2014.03.23"]
[SourceVersion "1"]
[SourceVersionDate "2014.07.21"]
[SourceQuality "1"]

1. e4 c6 2. d4 d5 3. Nc3 dxe4 4. Nxe4 Nd7 5. Nf3 Ngf6 6. Ng3 e6 7. Bd3 c5 8.
O-O cxd4 9. Nxd4 Bc5 10. Nb3 Be7 11. Qe2 O-O 12. c4 Qc7 13. Be3 b6 14. Rac1 Bb7
15. Nd4 Rac8 16. b3 Nc5 17. Bb1 Rfd8 18. Rfd1 Qb8 19. Nf3 Ng4 20. h3 Nxe3 21.
Qxe3 Bd6 22. Nh5 Bxf3 23. Qxf3 Be5 24. Rxd8+ Rxd8 25. Rd1 Rxd1+ 26. Qxd1 g6 27.
b4 Na6 28. Ng3 Bxg3 29. fxg3 Qc7 30. a3 Nb8 31. Qd4 Nc6 32. Qe4 Ne5 33. Bd3 Qd6
34. Be2 Nc6 1/2-1/2

[Event "22. Torneo San Viator"]
[Site "Madrid ESP"]
[Date "2014.04.27"]
[Round "5.10"]
[White "Barahona Torrijos, Angel"]
[Black "San Felipe Gonzalez, Tomas"]
[Result "1-0"]
[WhiteElo "1870"]
[BlackElo "1701"]
[PlyCount "39"]
[EventDate "2014.03.23"]
[EventType "swiss"]
[EventRounds "9"]
[EventCountry "ESP"]
[SourceTitle "Ajedrez en Madrid"]
[Source "lmi"]
[SourceDate "2014.03.23"]
[SourceVersion "1"]
[SourceVersionDate "2014.07.21"]
[SourceQuality "1"]

1. e4 c5 2. a3 Nc6 3. b4 e5 4. b5 Nd4 5. c3 Ne6 6. Bc4 Nf6 7. d3 d5 8. exd5
Nxd5 9. Nf3 Ndf4 10. O-O Bd6 11. g3 Ng6 12. Nbd2 O-O 13. Ne4 h6 14. h4 Nc7 15.
Nfg5 Be7 16. Qh5 Ne6 17. Nxe6 Bxe6 18. Bxe6 Qxd3 19. Qxg6 fxe6 20. Nf6+ 1-0

[Event "22. Torneo San Viator"]
[Site "Madrid ESP"]
[Date "2014.04.27"]
[Round "5.11"]
[White "Garcia Sanjuan, Jose"]
[Black "Alonso Pardo, Daniel"]
[Result "1-0"]
[WhiteElo "1867"]
[BlackElo "1552"]
[PlyCount "81"]
[EventDate "2014.03.23"]
[EventType "swiss"]
[EventRounds "9"]
[EventCountry "ESP"]
[SourceTitle "Ajedrez en Madrid"]
[Source "lmi"]
[SourceDate "2014.03.23"]
[SourceVersion "1"]
[SourceVersionDate "2014.07.21"]
[SourceQuality "1"]

1. b3 Nf6 2. Bb2 e6 3. g3 g6 4. Bg2 Bg7 5. c4 c6 6. e3 d5 7. Nf3 b6 8. Ne5 Bb7
9. Qf3 O-O 10. O-O c5 11. Na3 Ne4 12. Qd1 a6 13. d3 Nd6 14. Qe2 b5 15. Ng4 b4
16. Bxg7 Kxg7 17. Qb2+ f6 18. Nc2 h5 19. Ne5 fxe5 20. Qxe5+ Rf6 21. cxd5 Qe7
22. dxe6 Bxg2 23. Kxg2 Qxe6 24. Qxc5 Nd7 25. Qxb4 Raf8 26. Nd4 Qg4 27. h3 Qg5
28. Qc3 Kh6 29. h4 Qe5 30. Qd2 Kh7 31. Rac1 Nf5 32. Nf3 Qd6 33. Ng5+ Kg7 34. f4
Re8 35. e4 Nh6 36. Qc3 Kg8 37. Qc4+ Rfe6 38. Nxe6 Rxe6 39. f5 Nf8 40. fxe6 Qxe6
41. Rxf8+ 1-0

[Event "22. Torneo San Viator"]
[Site "Madrid ESP"]
[Date "2014.04.27"]
[Round "5.12"]
[White "Dominguez Afonso, Ayraldo"]
[Black "Camarero Izquierdo, Juan Carlo"]
[Result "0-1"]
[WhiteElo "1523"]
[BlackElo "1864"]
[PlyCount "74"]
[EventDate "2014.03.23"]
[EventType "swiss"]
[EventRounds "9"]
[EventCountry "ESP"]
[SourceTitle "Ajedrez en Madrid"]
[Source "lmi"]
[SourceDate "2014.03.23"]
[SourceVersion "1"]
[SourceVersionDate "2014.07.21"]
[SourceQuality "1"]

1. e4 c5 2. Nf3 d6 3. c3 Nf6 4. h3 Nc6 5. Bd3 a6 6. Bc2 c4 7. a4 Rb8 8. O-O b5
9. axb5 axb5 10. d4 cxd3 11. Bxd3 g6 12. Nd4 Nxd4 13. cxd4 Bg7 14. Be3 O-O 15.
Qd2 Re8 16. Qb4 Bd7 17. Nc3 Qc8 18. Rfc1 Qb7 19. Ra5 Ra8 20. Rca1 Rxa5 21. Rxa5
Rb8 22. d5 Ne8 23. Bd4 Bh6 24. Ne2 e5 25. dxe6 fxe6 26. Bc3 Bf8 27. Qb3 Nc7 28.
Nd4 b4 29. Bd2 Qb6 30. Qxb4 Qxb4 31. Bxb4 Rxb4 32. Nf3 Bb5 33. Bxb5 Rxb5 34.
Ra7 Ne8 35. Nd4 Re5 36. f3 d5 37. Nc6 Bc5+ 0-1